ბათუმის შოთა რუსთაველის სახელმწიფო უნივერსიტეტის ბიბლიოთეკა

Tsunami, photographs, and then : (ბიბ.ჩანაწერი № 64017)

000 -LEADER
fixed length control field 00546nam a22001697a 4500
005 - DATE AND TIME OF LATEST TRANSACTION
control field 20260310112302.0
008 - FIXED-LENGTH DATA ELEMENTS--GENERAL INFORMATION
fixed length control field 260310s2014 enk||||| |||| 00| 0 eng d
020 ## - INTERNATIONAL STANDARD BOOK NUMBER
International Standard Book Number 9784865410129x
041 ## - LANGUAGE CODE
Language code of text/sound track or separate title eng
080 ## - UNIVERSAL DECIMAL CLASSIFICATION NUMBER
Universal Decimal Classification number 550.344.42(520) T-16
100 ## - MAIN ENTRY--PERSONAL NAME
Personal name Takahasi, Munemasa
9 (RLIN) 27097
245 ## - TITLE STATEMENT
Title Tsunami, photographs, and then :
Remainder of title lost & found project : family photos swept away by 3.11 East Japan Tsunami /
Statement of responsibility, etc. Munemasa Takahasi.
264 ## - PRODUCTION, PUBLICATION, DISTRIBUTION, MANUFACTURE, AND COPYRIGHT NOTICE
Date of production, publication, distribution, manufacture, or copyright notice 2014.
653 ## - INDEX TERM--UNCONTROLLED
keyword იაპონია
653 ## - INDEX TERM--UNCONTROLLED
keyword ცუნამი
942 ## - ADDED ENTRY ELEMENTS (KOHA)
Source of classification or shelving scheme
Koha item type წიგნი
ეგზემპლარები
Withdrawn status Lost status Source of classification or shelving scheme Damaged status Not for loan Permanent Location Current Location Shelving location Date acquired Cost, normal purchase price Full call number Barcode Date last seen Copy number Uniform Resource Identifier Price effective from Koha item type Public note
          ბათუმის შოთა რუსთაველის სახელმწიფო უნივერსიტეტის მთავარი ბიბლიოთეკა ბათუმის შოთა რუსთაველის სახელმწიფო უნივერსიტეტის მთავარი ბიბლიოთეკა წიგნსაცავი 2026-03-10 15.00 550.344.42(520) T-16 73900 2026-03-10 73900 იაპონიის ელჩის საჩუქარი 2026-03-10 წიგნი 15 ლ.